00926nam a2200241Ia 4500003000400000005001700004008004100021020001800062040001800080041000800098082002000106100002800126245010700154250001200261260004400273300003200317650005000349650005700399650005300456942002600509999001900535952013000554OSt20260113150512.0210716s2017 xx 000 0 und d a9789332582729 cAIMIT LIBRARY aeng a621.3991 bFERB aFerguson, Bill.9251113 aVSphere 6 foundations exam official cert guide: bVMware certified professional 6 /cBy Bill Ferguson. a1st ed. aNew Delhi :bPearson Education ,c2017. axxxii,718 p.;bPBc24.5 cm. aConfiguring vsphere standard switches9251114 aConnecting shared storage devices to vsphere9251115 aCreating and configuring vmware clusters9251116 2ddccBKk62.3991 FERB c196264d196264 001040708MCAaAIMITbAIMITeBook Paradiseg979.00l0o621.3991 FERBpMCA15779r2025-07-21 00:00:00v685.30w2021-07-16yBK